Statistics for The Star-Spangled Banner Lyrics

Click here to take the quiz!

General Stats

  • This quiz has been taken 9 times
  • The average score is 10 of 14

Answer Stats

Line #Lyrics% Correct
4At the twilight's last gleaming?
100%
2By the dawn's early light
100%
1Say, can you see
100%
3What so proudly we hailed
100%
9And the rockets' red glare
67%
11Gave proof through the night
67%
13O say, does that star-spangled banner yet wave
67%
14Over the land of the free and the home of the brave
67%
7Over the ramparts we watched,
67%
12That our flag was still there
67%
10The bombs bursting in air
67%
6Through the perilous fight
67%
5Whose broad stripes and bright stars
67%
8Were so gallantly, yeah, streaming?
33%

Score Distribution

Percentile by Number Answered

Percent of People with Each Score

Your Score History

You have not taken this quiz